| 000 | 01051cam a2200181 a 4500 | ||
|---|---|---|---|
| 999 |
_c4659 _d4659 |
||
| 020 | _a9780735590090 (pbk.) | ||
| 020 | _a0735590095 (pbk.) | ||
| 050 | 0 | 0 |
_aKF5402 _b.B44 |
| 100 | 1 | _aBeermann, Jack M. | |
| 245 | 1 | 0 |
_aAdministrative law / _cJack M. Beermann. |
| 250 | _a3rd ed. | ||
| 260 |
_aNew York, NY : _bAspen Publishers, _cc2010. |
||
| 300 |
_axxxiv, [27], 273 p. ; _c28 cm. |
||
| 500 | _aIncludes index. | ||
| 505 | 0 | _aIntroduction to studying administrative law -- Separation of powers and distribution of administrative power -- The availability of judicial review of administrative decisions -- Judicial review of administrative decisions -- Agency choice of procedural mode -- APA rulemaking procedures -- Agency adjudication and due process -- Substantive policymaking in agencies -- Agency enforcement and licensing -- Agency information gathering -- Private enforcement of regulatory norms and preemption -- Liability of agencies and officials -- Freedom of information and open meetings. | |
| 650 | 0 | _aAdministrative law | |
| 942 | _cBK | ||